Enciclopedia de las artes (Record no. 99056)
[ view plain ]
| 000 -LEADER | |
|---|---|
| campo de control de longitud fija | 00631nam a2200181 i 4500 |
| 001 - NÚMERO DE CONTROL | |
| campo de control | 99056 |
| 003 - IDENTIFICADOR DE NÚMERO DE CONTROL | |
| campo de control | ES-MaACL |
| 005 - FECHA Y HORA DE LA ÚLTIMA TRANSACCIÓN | |
| campo de control | 20230906182429.0 |
| 007 - CAMPO FIJO DE DESCRIPCIÓN FÍSICA--INFORMACIÓN GENERAL | |
| campo de control de longitud fija | t| |
| 008 - DATOS DE LONGITUD FIJA--INFORMACIÓN GENERAL | |
| campo de control de longitud fija | 051114s1953 sp ||||1| spa d |
| 245 00 - MENCIÓN DEL TÍTULO | |
| Título | Enciclopedia de las artes |
| Resto del título | : Arquitectura. Escultura. Pintura. Música. Poesía. Teatro.... / |
| Mención de responsabilidad, etc. | compilada por Dagobert D. Runes y Harry G. Schirickel. |
| 250 ## - MENCION DE EDICION | |
| Mención de edición | Ed. española il. y aum. |
| 260 ## - PUBLICACIÓN, DISTRIBUCIÓN, ETC. | |
| Lugar de publicación, distribución, etc. | Barcelona : |
| Nombre del editor, distribuidor, etc. | Argos, |
| Fecha de publicación, distribución, etc. | [1953?] |
| 300 ## - DESCRIPCIÓN FÍSICA | |
| Extensión | 2 v., 132 lám. : |
| Otras características físicas | il. ; |
| Dimensiones | 25 cm. |
| 700 1# - ENTRADA AGREGADA--NOMBRE PERSONAL | |
| Nombre de persona | Runes, Dagobert D. |
| 9 (RLIN) | 100998 |
| 700 1# - ENTRADA AGREGADA--NOMBRE PERSONAL | |
| Nombre de persona | Schrickel, Harry G. |
| 9 (RLIN) | 104707 |
| 852 ## - LOCALIZACIÓN | |
| Ubicación | ES-MaACL |
| Número de control de estantería | C-5705-06 |
| Sublocalización o colección | R.35254 |
| Estatus retirado | Estado de pérdida | Estado de daño | No para préstamo | Colección | Biblioteca de origen | Biblioteca actual | Ubicación en estantería | Fecha de adquisición | Fuente de adquisición | Total de préstamos | Signatura topográfica completa | Código de barras | Visto por última vez | Precio de reemplazo | Tipo de ítem Koha |
|---|---|---|---|---|---|---|---|---|---|---|---|---|---|---|---|
| Colección de referencia | Biblioteca del Ateneo de Madrid | Biblioteca del Ateneo de Madrid | Sala Palomar | 17/01/2008 | C-5705-06 | 1103417 | 23/02/2023 | 23/02/2023 | Libro impreso |
